Chuyên đề 9: Tư tưởng Hồ Chí Minh về chăm lo bồi dưỡng thế hệ cách mạng cho đời sau

Na minha lista:
Detalhes bibliográficos
Formato: Livro
Assuntos:
Tags: Adicionar Tag
Sem tags, seja o primeiro a adicionar uma tag!
Thư viện lưu trữ: Trung tâm Học liệu Lê Vũ Hùng, Trường Đại học Đồng Tháp
LEADER 00916pmm a22002778a 4500
001 00030139
005 20171026081022.0
008 121219s |||||| sd
082 1 4 |a 335.434 6  |b CH527Đ 
245 0 0 |a Chuyên đề 9: Tư tưởng Hồ Chí Minh về chăm lo bồi dưỡng thế hệ cách mạng cho đời sau  |h nguồn liệu điện tử] 
300 # # |a 1 đĩa CD  |c 4 3/4 in. 
653 # # |a Bồi dưỡng 
653 # # |a Thế hệ cách mạng 
653 # # |a Đĩa CD 
653 # # |a Tư tưởng Hồ Chí Minh 
852 # # |b Kho đa phương tiện  |j DPT.0000086 
852 # # |j DPT.0000086 
852 # # |b Kho đa phương tiện  |j DPT.0000090 
910 |d 19/12/2012 
980 # # |a Trung tâm Học liệu Lê Vũ Hùng, Trường Đại học Đồng Tháp